Aktuálny vývoj zamestnanosti v SR Príloha Hospodárskych novín

Vývoj zamestnanosti na Slovensku v r. 1995-1996 podľa odvetví a sektorov. Vývoj zamestnanosti v odvetví dopravy a stavebníctva. Monitor ukazovateľov hospodárskeho vývoja SR.

Gespeichert in:
Bibliographische Detailangaben
Format: Buchkapitel
Sprache:Slowakisch
Schlagworte:
Tags: Tag hinzufügen
Keine Tags, Fügen Sie das erste Tag hinzu!

MARC

LEADER 00000naa a2200000 4500
001 r021026
005 20230801104605.6
041 0 |a slo 
044 |a SK 
245 1 0 |a Aktuálny vývoj zamestnanosti v SR  |b Príloha Hospodárskych novín 
520 |a Vývoj zamestnanosti na Slovensku v r. 1995-1996 podľa odvetví a sektorov. Vývoj zamestnanosti v odvetví dopravy a stavebníctva. Monitor ukazovateľov hospodárskeho vývoja SR. 
610 2 0 |a Slovensko 
610 2 0 |a 1995-1996 
610 2 0 |a zamestnanosť 
610 2 0 |a rast hospodársky 
610 2 0 |a trh práce